FIND YOUR SURRENDERED PLACE : (Record no. 7726)

MARC details
000 -LEADER
fixed length control field 01127nam a22002297a 4500
003 - CONTROL NUMBER IDENTIFIER
control field OSt
005 - DATE AND TIME OF LATEST TRANSACTION
control field 20260122083810.0
008 - FIXED-LENGTH DATA ELEMENTS--GENERAL INFORMATION
fixed length control field 260122b |||||||| |||| 00| 0 eng d
020 ## - INTERNATIONAL STANDARD BOOK NUMBER
International Standard Book Number 9789710072613
040 ## - CATALOGING SOURCE
Original cataloging agency DWCL GS lib
Transcribing agency OC
082 ## - DEWEY DECIMAL CLASSIFICATION NUMBER
Classification number Prof. 248 S194 2021
100 ## - MAIN ENTRY--PERSONAL NAME
Personal name SANCHEZ, BO
245 ## - TITLE STATEMENT
Title FIND YOUR SURRENDERED PLACE :
Remainder of title How to Have Inner Peace Amidst Life's Storms and Overwhelming Stress /
Statement of responsibility, etc. BO SANCHEZ
260 ## - PUBLICATION, DISTRIBUTION, ETC.
Place of publication, distribution, etc. Quezon City, Philippines
Name of publisher, distributor, etc. Shepherd's Voice Publications, Inc.
Date of publication, distribution, etc. c2021.
300 ## - PHYSICAL DESCRIPTION
Extent vii, 103 pages:
Other physical details illustrations ;
Dimensions 23cm.
520 ## - SUMMARY, ETC.
Summary, etc. Bo Sanchez's "Find Your Surrendered Place" is about discovering deep inner peace by letting go of worries, expectations, and control, a lesson he learned during a near-death experience with COVID-19, teaching readers to surrender their lives, fears, and attachments to God for true calm amidst life's storms. It's a spiritual journey to a state where anxiety fades by fully trusting God with everything.}
546 ## - LANGUAGE NOTE
Language note English
650 ## - SUBJECT ADDED ENTRY--TOPICAL TERM
Topical term or geographic name entry element Spirituality
650 ## - SUBJECT ADDED ENTRY--TOPICAL TERM
Topical term or geographic name entry element Christian Living
700 ## - ADDED ENTRY--PERSONAL NAME
Personal name BO SANCHEZ
942 ## - ADDED ENTRY ELEMENTS (KOHA)
Source of classification or shelving scheme Dewey Decimal Classification
Koha item type Professional Collections
Classification part Prof.
Suppress in OPAC No
952 ## - LOCATION AND ITEM INFORMATION (KOHA)
--
Holdings
Withdrawn status Lost status Source of classification or shelving scheme Damaged status Not for loan Home library Current library Shelving location Date acquired Source of acquisition Cost, normal purchase price Total Checkouts Full call number Barcode Date last seen Copy number Price effective from Koha item type Uniform Resource Identifier
    Dewey Decimal Classification     Grade School Library Grade School Library Professional 07/17/2025 School Fund, Donation 385.00   Prof. 248 S194 2021 23858 01/22/2026 c1 01/22/2026 PROF.